00426 2200181 4500001002100000005001500021008004100036020002200077035001900099041000700118082001000125090001600135100002100151245002200172260001100194300001900205650002000224INLIS00000000000633420241224113254241224||||||||| | ||| |||| || |  a978-979-727-584-6 0010-1224006334 aen0 a597.9 a597.9 RIK m0 aRikky Firmansyah00aMengenal Reptilia bArmico av,66 hlm:21 cm 0abinatang reptil